000 00527cam a22001571 4500
082 _a624.17723
_bCON
_cL-19, P-30.
100 1 _aConnolly, William H.
_942989
245 1 0 _aDesign of prestressed concrete beams;
_bwith tables for the determination of beam cross sections.
260 _aNew York,
_bF.W. Dodge Corp.
_c[1960]
300 _axi,252 p.
_billus.
_c24 cm.
526 _a0
_b0
_c0
_d624_177230000000000_CON
650 0 _aGirders.
_925190
650 0 _aMCE
_9379
650 0 _aPrestressed concrete.
_923341
942 _2ddc
_cBK
999 _c546798
_d546798